000 00724nam a2200229 a 4500
005 20140310183314.0
008 051011s19uu xx 00 eng d
020 _a0195216059
050 _aHD 75
_b.F491 2001
245 _aFinance for growth :
_bpolicy choices in a volatile world /
260 _aWashington, D.C :
_bThe International Bank for Reconstruction and Development /The World Bank,
_c2001.
300 _a211 p. :
_bcol. ill. ;
_c22 cm.
521 _aBSBA
650 _aEconomic development
_xFinance.
650 _aFinance.
650 _aEconomic policy.
650 _aFinance, Public.
650 _aFinancial institutions.
650 _aExpenditures, Public.
942 _cBK
_2lcc
_kFOR
999 _c21235
_d21235